Місцеві фінанси (Запис № 365904)

МАРК-запис
000 -Лідер
fixed length control field 01294nam a22002657a 4500
001 - Контрольний номер
control field 79590
003 - Ідентифікатор контрольного номера
control field UA-OsUOA
005 - Дата та час останнього входження (трансакції)
control field 20230504161322.0
007 - Фіксоване поле фізичного опису
fixed length control field ta
008 - Елементи даних фіксованої довжини – загальна інформація
fixed length control field 20111114b un ||||| |||| 00| 0 ukr d
020 ## - Міжнародний стандартний книжковий номер (ISBN)
Міжнародний стандартний книжковий номер (ISBN) (НП) 978-966-364-864-4
040 ## - Джерело каталогізації
Агенція оригінальної каталогізації UA-OsUOA
Мова каталогізації ukr
Агенція, яка здійснювала перезапис UA-OsUOA
Агенція, яка здійснювала модифікацію UA-OsUOA
041 ## - Код мови
Код мови тексту/ звукової доріжки чи окремого заголовка (П) ukr
080 ## - Індекс Універсальної десяткової класифікації
Індекс Універсальної десяткової класифікації (УДК) (НП) 336.1:352(477)(075.8)
090 ## - Локальний шифр розміщення
Класифікаційний індекс УДК 336.1:352(477)(075.8)
Авторський знак (НП) С89
100 ## - Основне введення – ім’я особи
Ім’я особи (НП) Сунцова О. О.
245 ## - Відомості про назву
Назва (НП) Місцеві фінанси
Решта назви (НП) навчальний посібник
260 ## - Публікація, розповсюдження і т.п. (Вихідні дані)
Місце публікації, розповсюдження і т.п. (П) К.
Ім’я/ наймення видавництва, розповсюджувача і т.п. (П) ЦУЛ
Дата публікації, розповсюдження і т.п. (П) 2010
300 ## - Фізичний опис
Обсяг 488 с.
520 ## - Резюме і т.п.
Резюме, реферат, анотація, тощо (НП) У посібнику розглядаються поняття місцевих фінансів, їх функції, склад і роль у роз­витку економічної і соціальної інфраструктури. Основні теми відображають ті вимоги, які ставляться до рівня і обсягу знань сучасних спеціалістів новими програмами освіти, та відповідають потребам ринкової економіки.
650 #7 - Додаткове предметне введення – тематичний термін
Тематичний термін чи географічна назва, як елемент введення (НП) 336 Фінанси
Джерело заголовка чи терміна UDC
942 ## - Додаткові елементи входу (Коха)
Тип елемента Koha Книги
Source of classification or shelving scheme Universal Decimal Classification
955 ## - Код типу видання за змістом
Код типу видання за змістом (НП) Навчальні видання
Фонди
Стан вилучень Стан втрат Джерело класифікації або схеми стелажів Стан уражень Не для кредиту Постійне місце розташування Поточне розміщення Дата придбання Джерело придбання Вартість, звичайна ціна покупки Інвентарний номер Усього замовленно Повний номер виклику Штрих-код Дата останнього перегляду Ціна ефективна від Тип елемента Koha
    Universal Decimal Classification     ЧЗ - Читальна зала ЧЗ - Читальна зала 14/11/2011 135/2011 100.00 135506   336.1:352(477)(075.8) С89 135506 07/02/2022 14/11/2011 Книги
    Universal Decimal Classification     ЧЗ - Читальна зала ЧЗ - Читальна зала 14/11/2011 135/2011 100.00 135507   336.1:352(477)(075.8) С89 135507 07/02/2022 14/11/2011 Книги
    Universal Decimal Classification     ЧЗ - Читальна зала ЧЗ - Читальна зала 16/09/2013 48/2013 45.00 143405   336.1:352(477)(075.8) С89 143405 07/02/2022 14/11/2011 Книги